LEADER 00916nam a2200229 i 4500 001 000000022020 003 CaOOAMICUS 005 20220927163415.0 008 180830s1949 it u000 u ita u 040 $aSeMil$bita 100 1 $aMura, Ernest.$0(OLS)http://semarc/name/5499 240 13$aLe Corps mystique du Christ.$0(OLS)http://semarc/title/29253 245 13$aIl corpo mistico di Cristo /$cdi Ernesto Mura. 260 $aRoma :$bA. Arnodo,$c1949. 260 $aAlba :$bPaoline,$c1949. 300 $a2 v. ;$c21 cm. 774 0 $aMura, Ernest$tVol. 1.$dAlba : Paoline, 1949.$kCatholica$w()43727 774 0 $aMura, Ernest$tVol. 2.$dAlba : Paoline, 1949.$kCatholica$w()181710 996 $6245$aIl corpo mistico di Cristo$9(OLS)http://semarc/title/29252 996 $6260$aAlba :$bPaoline$9(OLS)http://semarc/publisher/29692 996 $6260$aRoma :$bA. Arnodo$9(OLS)http://semarc/publisher/35639 LEADER 01407nam a2200289 i 4500 001 000000118177 003 CaOOAMICUS 005 20030923000000.0 008 030923s2000 it u000 u ita u 013 $a90870 040 $aSeMil$bita 100 1 $aCasale, Enrico.$0(OLS)http://semarc/name/49322 245 10$aPane, minestra e sindacato :$bstorie di cinquant'anni di Cisl in Brianza /$cEnrico Casale, Ilaria Chellini, Sergio Gianni ; prefazione di Sandro Antoniazzi, introduzione storica di Fabio Crippa. 260 $aMonza :$bCisl Brianza,$c2000. 300 $a159 p., [30] p. di tav. ;$c21 cm. 500 $aDono del Card. Dionigi Tettamanzi. 650 4$aCISL - Brianza - Storia.$0(OLS)http://semarc/subject/21986 700 1 $aChellini, Ilaria.$0(OLS)http://semarc/name/49323 700 1 $aCrippa, Fabio.$0(OLS)http://semarc/name/49325 700 1 $aAntoniazzi, Sandro,$d<1939- >.$0(OLS)http://semarc/name/32513 700 1 $aGianni, Sergio.$0(OLS)http://semarc/name/49324 850 $aSeMil 852 $aSeMil$W1$xVenegono$y1$m3P II 54$j73498$B73498$CSeMilBibl$Z2$F99162 $81 941 1 $a5 961 $aOmaggio: Tettamanzi Card. Dionigi 996 $6245$aPane, minestra e sindacato :$bstorie di cinquant'anni di Cisl in Brianza$9(OLS)http://semarc/title/173591 996 $6260$aMonza :$bCisl Brianza$9(OLS)http://semarc/publisher/45776